Prosa I

Furkejuvvon:
Bibliográfalaš dieđut
Váldodahkki: Del Casal, Julián
Materiálatiipa: Girji
Giella:Undetermined
Almmustuhtton: La Habana, Cuba Letras cubanas 1979
Fáttát:
Fáddágilkorat: Lasit fáddágilkoriid
Eai fáddágilkorat, Lasit vuosttaš fáddágilkora!

MARC

LEADER 00000nam a2200000Ia 4500
008 170316s9999 xx 000 0 und d
040 |a cru BVZT 
090 |a 860 D-6p v.1 
100 |a Del Casal, Julián 
245 |a Prosa I 
260 |a La Habana, Cuba 
260 |b Letras cubanas 
260 |c 1979 
300 |a 401 páginas 
650 |a LITERATURA LATINOAMERICANA 
999 |c 8633  |d 8633 
942 |c 15 D  |h 860 D-6p v.1  |2 z